Documento firmado por Don Félix María Calleja del Rey (Record no. 4532)
[ view plain ]
| 000 -CABECERA | |
|---|---|
| campo de control de longitud fija | 01291nam a2200265 a 4500 |
| 001 - NÚMERO DE CONTROL | |
| campo de control | BRCA_4838 |
| 005 - FECHA Y HORA DE LA ÚLTIMA TRANSACCIÓN | |
| campo de control | 20190320204826.0 |
| 008 - DATOS DE LONGITUD FIJA--INFORMACIÓN GENERAL | |
| campo de control de longitud fija | 201010s1805----mx-#######---#000-0#spa-# |
| 041 ## - CÓDIGO DE LENGUA | |
| Código de lengua del texto/banda sonora o título independiente | spa |
| 044 ## - CÓDIGO DEL PAÍS DE LA ENTIDAD EDITORA/PRODUCTORA | |
| Código MARC del país | mx |
| 084 ## - OTRO NÚMERO DE CLASIFICACIÓN | |
| Número de clasificación | DOC3 |
| Número de documento/Ítem | .C35 |
| -- | 1805 |
| 100 1# - ENTRADA PRINCIPAL--NOMBRE DE PERSONA | |
| Nombre de persona | Calleja del Rey, Félix María |
| Fechas asociadas al nombre | 1753-1828 |
| 9 (RLIN) | 12245 |
| 245 10 - MENCIÓN DE TÍTULO | |
| Título | Documento firmado por Don Félix María Calleja del Rey |
| Mención de responsabilidad, etc. | Félix María Calleja del Rey ; Joaquín Cortina Gómez. |
| 260 ## - PUBLICACIÓN, DISTRIBUCIÓN, ETC. | |
| Lugar de publicación, distribución, etc. | San Luis Potosí, México |
| Fecha de publicación, distribución, etc. | 1805 |
| 300 ## - DESCRIPCIÓN FÍSICA | |
| Extensión | [2] fojas |
| Dimensiones | 21 x 5 cm. |
| 500 ## - NOTA GENERAL | |
| Nota general | Documento firmado el 10 de abril de 1805. |
| 500 ## - NOTA GENERAL | |
| Nota general | Documento de Don Félix María Calleja firmado en San Luis Potosí, dirigido a Don Joaquín Cortina Gómez. En él se le informa sobre la detención de una orden y una rendición se menciona a Blanco (tal vez refiriéndose a alguna persona) y habla de un asunto previamente acordado. |
| 500 ## - NOTA GENERAL | |
| Nota general | El documento contiene la leyenda DOC. #12. |
| 506 0# - NOTA DE RESTRICCIONES AL ACCESO | |
| Limitaciones de acceso | Fondo Reservado. Para su consulta es necesario credencial de usuario y carta de motivos. |
| 546 ## - NOTA DE LENGUA/LENGUAJE | |
| Nota de lengua/lenguaje | Texto en: español de principos del siglo XIX. |
| 600 14 - PUNTO DE ACCESO ADICIONAL DE MATERIA--NOMBRE DE PERSONA | |
| Nombre de persona | Calleja del Rey, Félix María |
| Fechas asociadas al nombre | 1753-1828 |
| Subdivisión general | Historia |
| 9 (RLIN) | 12246 |
| 651 #4 - PUNTO DE ACCESO ADICIONAL DE MATERIA--NOMBRE GEOGRÁFICO | |
| Nombre geográfico | México |
| Subdivisión de forma | Guerra de Independencia, 1810-1821 |
| Subdivisión general | Historia |
| 9 (RLIN) | 12247 |
| 902 ## - CATALOGADOR | |
| Iniciales | FDH |
| 942 ## - ELEMENTOS DE PUNTO DE ACCESO ADICIONAL (KOHA) | |
| Fuente del sistema de clasificación o colocación | Library of Congress Classification |
| Tipo de ítem Koha | Documentos |
| Estado de retiro | Estado de pérdida | Estado dañado | No para préstamo | Localización permanente | Ubicación/localización actual | Fecha de adquisición | Total de préstamos | Signatura topográfica completa | Código de barras | Fecha visto por última vez | Precio válido a partir de | Tipo de ítem Koha |
|---|---|---|---|---|---|---|---|---|---|---|---|---|
| El ejemplar forma parte de la colección y puede ser consultado según las políticas vigentes. | Biblioteca del Museo Franz Mayer (Rogerio Casas-Alatriste) | Biblioteca del Museo Franz Mayer (Rogerio Casas-Alatriste) | 13/10/2010 | DOC3 .C35 1805 | 4871 | 22/03/2019 | 22/03/2019 | Documentos |